Drug Offender Treatment in Local Corrections in California and New York, 1991-1993

The purpose of this multisite program evaluation project was to provide detailed and systematic descriptions of participants and treatment program components for a sample of five drug treatment programs in local jails. Three of the programs were located in California: Jail Education and Treatment (J...

Descripción completa

Guardado en:  
Detalles Bibliográficos
Autor principal: Tunis, Sandra (Autor)
Otros Autores: Austin, James (Contribuidor) ; Bolyard, Melissa (Contribuidor) ; Hardyman, Patricia (Contribuidor) ; Morris, Mark (Contribuidor)
Tipo de documento: Electrónico Research Data
Lenguaje:Inglés
Publicado: [Erscheinungsort nicht ermittelbar] [Verlag nicht ermittelbar] 1998
En:Año: 1998
Acceso en línea: Volltext (kostenfrei)
Verificar disponibilidad: HBZ Gateway
Palabras clave:

MARC

LEADER 00000cam a22000002c 4500
001 1840065532
003 DE-627
005 20250708100649.0
007 cr uuu---uuuuu
008 230324s1998 xx |||||o 00| ||eng c
024 7 |a 10.3886/ICPSR06628.v1  |2 doi 
035 |a (DE-627)1840065532 
035 |a (DE-599)KXP1840065532 
040 |a DE-627  |b ger  |c DE-627  |e rda 
041 |a eng 
084 |a 2,1  |2 ssgn 
100 1 |a Tunis, Sandra  |e VerfasserIn  |4 aut 
245 1 0 |a Drug Offender Treatment in Local Corrections in California and New York, 1991-1993 
264 1 |a [Erscheinungsort nicht ermittelbar]  |b [Verlag nicht ermittelbar]  |c 1998 
336 |a Text  |b txt  |2 rdacontent 
337 |a Computermedien  |b c  |2 rdamedia 
338 |a Online-Ressource  |b cr  |2 rdacarrier 
520 |a The purpose of this multisite program evaluation project was to provide detailed and systematic descriptions of participants and treatment program components for a sample of five drug treatment programs in local jails. Three of the programs were located in California: Jail Education and Treatment (JET), Deciding, Educating, Understanding, Counseling, and Evaluation (DEUCE), and Rebuilding, Educating, Awareness, Counseling, and Hope (REACH). Two programs were in New York State: Substance Abuse Intervention Division (SAID) and New Beginnings. The project was aimed at assessing program completion rates as well as 12-month post-release recidivism for program participants versus matched controls. Background information obtained about the participating offenders includes sex, race, age, education, marital status, and employment status, as well as history of drug use, previous drug treatment, mental illness, inpatient/outpatient episodes, and offenses and sentencing. Additional data cover program location, dates of release from the program and from jail, type of program termination, type of residence upon release, and anticipated post-custody treatment. Information on each conviction/disposition was obtained through state criminal information systems, and state-level criminal history data (rap sheets) were collected for both the treatment and comparison groups. The unit of analysis is arrest events. 
540 |a ICPSR Terms of Use 
650 4 |a Drug Abuse 
650 4 |a Drug offenders 
650 4 |a Program Evaluation 
650 4 |a Recidivism 
650 4 |a treatment compliance 
650 4 |a treatment outcome 
650 4 |a treatment programs 
655 7 |a Forschungsdaten  |0 (DE-588)1098579690  |0 (DE-627)857755366  |0 (DE-576)469182156  |2 gnd-content 
700 1 |a Austin, James  |e MitwirkendeR  |4 ctb 
700 1 |a Bolyard, Melissa  |e MitwirkendeR  |4 ctb 
700 1 |a Hardyman, Patricia  |e MitwirkendeR  |4 ctb 
700 1 |a Morris, Mark  |e MitwirkendeR  |4 ctb 
787 0 8 |i Forschungsdaten zu  |a Hurley, Martha  |t Correctional Administration and Change Management  |d [Erscheinungsort nicht ermittelbar] : CRC Press, 2010  |w (DE-627)1912493357 
787 0 8 |i Forschungsdaten zu  |a Mitchell, Ojmarrh  |t Does incarceration-based drug treatment reduce recidivism? A meta-analytic synthesis of the research  |d 2007  |w (DE-627)1912518430 
787 0 8 |i Forschungsdaten zu  |a Tunis, Sandra  |t Evaluation of Drug Treatment in Local Corrections  |d United States Department of Justice, Office of Justice Programs, National Institute of Justice, 1997  |w (DE-627)1912542935 
787 0 8 |i Forschungsdaten zu  |a National Council on Crime and Delinquency  |t Evaluation of Drug Treatment in Local Corrections, Final Report  |d [Erscheinungsort nicht ermittelbar] : United States Department of Justice, National Institute of Justice, 1995  |w (DE-627)1912542943 
787 0 8 |i Forschungsdaten zu  |a Kimball, Bree A.  |t Getting Sober While Incarcerated: An Exploratory Analysis of Correctional Substance Abuse Treatment Programs  |d [Erscheinungsort nicht ermittelbar] : University of North Texas, 2007  |w (DE-627)1912567962 
787 0 8 |i Forschungsdaten zu  |a MacKenzie, Doris L., 1943 -   |t The impact of drug treatment provided in correctional facilities  |d Springer, 2011  |w (DE-627)1912582600 
787 0 8 |i Forschungsdaten zu  |a Mitchell, Ojmarrh  |t Incarceration-based drug treatment  |d Springer, 2006  |w (DE-627)1912587572 
787 0 8 |i Forschungsdaten zu  |a Krebs, Christopher P.  |t Jail-based substance user treatment: An analysis of retention  |d 2003  |w (DE-627)1912600226 
787 0 8 |i Forschungsdaten zu  |a Tunis, Sandra L.  |t Outcome Evaluation of Jail-Based Drug Treatment  |d National Council on Crime and Delinquency, 1995  |w (DE-627)1912642972 
787 0 8 |i Forschungsdaten zu  |a Tunis, Sandra L.  |t Outcome Evaluation of Jail-Based Drug Treatment: Effects on Recidivism  |d National Council on Crime and Delinquency, 1995  |w (DE-627)1912642980 
787 0 8 |i Forschungsdaten zu  |a Brady, Thomas M.  |t Psychiatric comorbidity and not completing jail-based substance abuse treatment  |d 2004  |w (DE-627)1912668939 
787 0 8 |i Forschungsdaten zu  |a Tunis, Sandra L.  |t The State of the Art in Jail Drug Treatment Programs  |d National Council on Crime and Delinquency, 1994  |w (DE-627)1912711982 
787 0 8 |i Forschungsdaten zu  |a MacKenzie, Doris L., 1943 -   |t What Works in Corrections: Reducing the Criminal Activities of Offenders and Delinquents  |d [Erscheinungsort nicht ermittelbar] : Cambridge University Press, 2006  |w (DE-627)1912748142 
856 4 0 |u https://doi.org/10.3886/ICPSR06628.v1  |x Resolving-System  |z kostenfrei  |3 Volltext  |7 0 
935 |a mkri 
951 |a BO 
ELC |a 1 
LOK |0 000 xxxxxcx a22 zn 4500 
LOK |0 001 4296813277 
LOK |0 003 DE-627 
LOK |0 004 1840065532 
LOK |0 005 20230324125330 
LOK |0 008 230324||||||||||||||||ger||||||| 
LOK |0 035   |a (DE-2619)ICPSR6628 
LOK |0 040   |a DE-2619  |c DE-627  |d DE-2619 
LOK |0 092   |o n 
LOK |0 852   |a DE-2619 
LOK |0 852 1  |9 00 
LOK |0 935   |a foda  |a nacj 
LOK |0 939   |a 24-03-23  |b l01 
OAS |a 1 
ORI |a SA-MARC-krimdoka001.raw